<?xml version="1.0" encoding="UTF-8"?>
<collection xmlns="http://www.loc.gov/MARC21/slim">
<record>
  <controlfield tag="001">2913</controlfield>
  <controlfield tag="005">20160825075707.0</controlfield>
  <datafield tag="024" ind1="7" ind2=" ">
    <subfield code="a">10.1007/s11207-016-0960-8</subfield>
    <subfield code="2">DOI</subfield>
  </datafield>
  <datafield tag="037" ind1=" " ind2=" ">
    <subfield code="a">SCART-2016-0013</subfield>
  </datafield>
  <datafield tag="100" ind1=" " ind2=" ">
    <subfield code="a">Wauters, Laurence</subfield>
  </datafield>
  <datafield tag="245" ind1=" " ind2=" ">
    <subfield code="a">LYRA Mid-Term Periodicities</subfield>
  </datafield>
  <datafield tag="260" ind1=" " ind2=" ">
    <subfield code="c">2016</subfield>
  </datafield>
  <datafield tag="520" ind1=" " ind2=" ">
    <subfield code="a">The spectra of the PROBA2/LYRA data, similarly to every other solar time series, show predominant periodicities that can be of solar or instrumental origin. In this article, we compare the main periodicities characterizing the LYRA spectrum to those found in the sunspot number, in the 10.7 cm flux, in an X-ray flare index, and in the sunspot area evolution. We focused on the 2010 to 2014 time range, for which the LYRA data are available, although we also briefly address the evolution of the main periodicities in the longer range. The mid-term periodicities at ∼28, ∼44, ∼54, ∼59, ∼100, ∼110, and ∼150 days appear as highly significant in several analyzed datasets. The consistency of distinct periodicities between datasets provides characteristics for the global Sun. This consistency also strengthens the reliability of LYRA data.</subfield>
  </datafield>
  <datafield tag="536" ind1=" " ind2=" ">
    <subfield code="a">STCE; CHARM/</subfield>
    <subfield code="c">IAP P07/</subfield>
    <subfield code="f">08; PRODEX/SDE</subfield>
  </datafield>
  <datafield tag="594" ind1=" " ind2=" ">
    <subfield code="a">STCE</subfield>
  </datafield>
  <datafield tag="700" ind1=" " ind2=" ">
    <subfield code="a">Dominique, Marie</subfield>
  </datafield>
  <datafield tag="700" ind1=" " ind2=" ">
    <subfield code="a">Dammasch, Ingolf E.</subfield>
  </datafield>
  <datafield tag="773" ind1=" " ind2=" ">
    <subfield code="p">Solar Physics</subfield>
    <subfield code="v">291</subfield>
    <subfield code="y">2016</subfield>
    <subfield code="c">2135–2144</subfield>
  </datafield>
  <datafield tag="856" ind1="0" ind2=" ">
    <subfield code="f">marie.dominique@observatoire.be</subfield>
  </datafield>
  <datafield tag="905" ind1=" " ind2=" ">
    <subfield code="a">published in</subfield>
  </datafield>
  <datafield tag="980" ind1=" " ind2=" ">
    <subfield code="a">REFERD</subfield>
  </datafield>
</record>
</collection>